000 00700nam a2200289Ia 4500
005 20260324113642.0
008 008 260324s9999 xx 000 0 eng d
020 _a9781003387695
037 _aEBOOK
040 _aCRL
040 _beng
040 _cCRL
041 _2eng
041 _aeng
084 _qCRL
100 _aJorge A. Colombo
_91096984
245 0 _aEvolution and the Human-Animal Drive to Conflict
245 2 _bA Psychobiological Perspective
260 _bTaylor and Francis
260 _c2023
365 _a
365 _b230
856 _uhttp://www.taylorfrancis.com/books/9781003387695
942 _cEBOOK
999 _c1737396
_d1737396